Top 10 biggest cities in California - Statistics

General Stats
  • This quiz has been taken 30 times
  • The average score is 8 of 10
Answer Stats
Population Answer % Correct
1.3 M San Diego
100%
3.8 M Los Angeles
96%
808 K San Francisco
93%
971 K San Jose
89%
545 K Fresno
85%
430 K Oakland
74%
528 K Sacramento
70%
451 K Long Beach
63%
344 K Anaheim
59%
410 K Bakersfield
56%
No matching quizzes found
Score Distribution
Percent of People with Each Score
Percentile by Number Answered
Your Score History
You have not taken this quiz